Основоположники электрических методов и технологий обработки материалов (Запись № 12111508)

Подробности
000 -МАРКЕР
контрольное поле 02794nam0a2200445 4500
001 - ИДЕНТИФИКАТОР ЗАПИСИ
контрольное поле RU\NLR\BIBL_A\012477375
005 - ИДЕНТИФИКАТОР ВЕРСИИ
контрольное поле 20210405161526.0
010 ## - МЕЖДУНАРОДНЫЙ СТАНДАРТНЫЙ НОМЕР КНИГИ (ISBN)
Номер (ISBN) 978-5-2760-2587-2
Тираж 100
021 ## - НОМЕР ГОСУДАРСТВЕННОЙ РЕГИСТРАЦИИ
Код страны Российская Федерация
Номер КН-П-20-071512
Номер Листа государственной регистраци КН-П-20-5378
035 ## - ДРУГИЕ СИСТЕМНЫЕ НОМЕРА
Идентификатор записи (NLR Aleph) 012477375
035 ## - ДРУГИЕ СИСТЕМНЫЕ НОМЕРА
Идентификатор записи (RuMoRGB)010477457
100 ## - ДАННЫЕ ОБЩЕЙ ОБРАБОТКИ
Данные общей обработки 20210317d2020 k y0rusy50 ca
101 0# - ЯЗЫК РЕСУРСА
Язык текста, звукозаписи и т.д. русский
102 ## - СТРАНА ПУБЛИКАЦИИ ИЛИ ПРОИЗВОДСТВА
Страна публикации Российская Федерация
105 ## - ПОЛЕ КОДИРОВАННЫХ ДАННЫХ: ТЕКСТОВЫЕ МАТЕРИАЛЫ, МОНОГРАФИЧЕСКИЕ
Кодированные данные о монографическом текстовом документе ac||z|||000zy
181 #0 - ПОЛЕ КОДИРОВАННЫХ ДАННЫХ: ВИД СОДЕРЖАНИЯ
Код вида содержания (ISBD) i
Код характеристики содержания (ISBD) axxe
182 #0 - ПОЛЕ КОДИРОВАННЫХ ДАННЫХ: ТИП СРЕДСТВА
Код типа средства (ISBD) n - непосредственное
200 1# - ЗАГЛАВИЕ И СВЕДЕНИЯ ОБ ОТВЕТСТВЕННОСТИ
Основное заглавие Основоположники электрических методов и технологий обработки материалов
Сведения, относящиеся к заглавию монография
Первые сведения об ответственности [Балмасов А. В., Болога М. К., Вячеславова О. Ф. и др.]
Последующие сведения об ответственности под научной редакцией д.т.н., профессора Б. П. Саушкина
-- Министерство науки и высшего образования Российской Федерации, Федеральное государственное бюджетное образовательное учреждение высшего образования "Московский политехнический университет" (Московский Политех)
203 ## - ВИД СОДЕРЖАНИЯ И ТИП СРЕДСТВА
Вид содержания Текст
Дополнительные сведения об издании визуальный
Тип средства непосредственный
210 ## - ПУБЛИКАЦИЯ, РАСПРОСТРАНЕНИЕ И ДР.
Место издания, распространения и т.д. Москва
Имя издателя, распространителя и т. д. Московский Политех
Дата издания, распространения и т.д. 2020
215 ## - ФИЗИЧЕСКАЯ ХАРАКТЕРИСТИКА
Специфическое обозначение материала и объем 226 с.
Другие сведения о физической характеристике ил., портр., табл.
Размеры 24
300 ## - ОБЩИЕ ПРИМЕЧАНИЯ
Текст примечания Авт. указаны на обороте тит. л.
300 ## - ОБЩИЕ ПРИМЕЧАНИЯ
Текст примечания На с. 225-226 авт.: Балмасов А. В. - д.т.н., проф., Болога М. К. - д.т.н., проф., акад. АН Респ. Молдова, Вячеславова О. Ф. - д.т.н., проф. [и др.]
320 ## - ПРИМЕЧАНИЯ О НАЛИЧИИ В ДОКУМЕНТЕ БИБЛИОГРАФИИ / УКАЗАТЕЛЯ
Текст примечания Библиогр.: с. 213-224 (141 назв.)
606 1# - НАИМЕНОВАНИЕ ТЕМЫ КАК ПРЕДМЕТ
Наименование темы Электрообработка металлов
Системный номер авторитетной/нормативной записи 991309
Идентификатор авторитетной/нормативной записи RU\NLR\AUTH\6656577
606 1# - НАИМЕНОВАНИЕ ТЕМЫ КАК ПРЕДМЕТ
Наименование темы Электротехнология
Тематический подзаголовок История
Географический подзаголовок СССР
Системный номер авторитетной/нормативной записи 2391247
Идентификатор авторитетной/нормативной записи RU\NLR\AUTH\661426013
686 1# - ИНДЕКСЫ ДРУГИХ КЛАССИФИКАЦИЙ
Индекс К55
686 1# - ИНДЕКСЫ ДРУГИХ КЛАССИФИКАЦИЙ
Индекс Ж614г(2)
701 #1 - ИМЯ ЛИЦА - АЛЬТЕРНАТИВНАЯ ОТВЕТСТВЕННОСТЬ
Начальный элемент ввода Балмасов
Часть имени, кроме начального элемента ввода А. В.
Дополнения к именам, кроме дат д-р техн. наук
Расширение инициалов личного имени Анатолий Викторович
Системный номер авторитетной/нормативной записи 171740
Идентификатор авторитетной/нормативной записи RU\NLR\AUTH\770171790
701 #1 - ИМЯ ЛИЦА - АЛЬТЕРНАТИВНАЯ ОТВЕТСТВЕННОСТЬ
Графика поля Кириллица
Материалы, к которым относится поле rus
Начальный элемент ввода Болога
Часть имени, кроме начального элемента ввода М. К.
Расширение инициалов личного имени Мирча Кириллович
Системный номер авторитетной/нормативной записи 16898
Идентификатор авторитетной/нормативной записи RU\NLR\AUTH\7733891
701 #1 - ИМЯ ЛИЦА - АЛЬТЕРНАТИВНАЯ ОТВЕТСТВЕННОСТЬ
Начальный элемент ввода Вячеславова
Часть имени, кроме начального элемента ввода О. Ф.
Расширение инициалов личного имени Ольга Фёдоровна
702 #1 - ИМЯ ЛИЦА - ВТОРИЧНАЯ ОТВЕТСТВЕННОСТЬ
Начальный элемент ввода Саушкин
Часть имени, кроме начального элемента ввода Б. П.
Расширение инициалов личного имени Борис Петрович
Код отношения Редактор
712 02 - НАИМЕНОВАНИЕ ОРГАНИЗАЦИИ - ВТОРИЧНАЯ ОТВЕТСТВЕННОСТЬ
Код отношения Издающая организация
Начальный элемент ввода Московский политехнический университет
Системный номер авторитетной/нормативной записи 550918
Идентификатор авторитетной/нормативной записи RU\NLR\AUTH\880443466
942 ## - ДОПОЛНИТЕЛЬНЫЕ ЭЛЕМЕНТЫ ЗАПИСИ (АБИС)
Тип экземпляра АБИС Книга
980 ## - КОЛЛЕКЦИЯ
Название коллекции НБР
980 ## - КОЛЛЕКЦИЯ
Название коллекции Национальная библиография

Нет доступных экземпляров.